BSNL JTO recruitment exam : (Record no. 11751)

MARC details
000 -LEADER
fixed length control field 00856 a2200253 4500
003 - CONTROL NUMBER IDENTIFIER
control field dpl
005 - DATE AND TIME OF LATEST TRANSACTION
control field 20090604115447.0
008 - FIXED-LENGTH DATA ELEMENTS--GENERAL INFORMATION
fixed length control field 090604t xxu||||| |||| 00| 0 eng d
010 ## - LIBRARY OF CONGRESS CONTROL NUMBER
LC control number ENG-89985
020 ## - INTERNATIONAL STANDARD BOOK NUMBER
International Standard Book Number 8175155671
Terms of availability 269.00
035 ## - SYSTEM CONTROL NUMBER
System control number EN-73518
037 ## - SOURCE OF ACQUISITION
Source of stock number/acquisition DBAD / PUB
040 ## - CATALOGING SOURCE
Transcribing agency dpl
082 ## - DEWEY DECIMAL CLASSIFICATION NUMBER
Classification number 000
100 ## - MAIN ENTRY--PERSONAL NAME
Personal name Karna, Satish K.
245 ## - TITLE STATEMENT
Title BSNL JTO recruitment exam :
Statement of responsibility, etc by Satish K. Karna ; compiled by Vibha Karna
Remainder of title objective questions with detailed answers /
260 ## - PUBLICATION, DISTRIBUTION, ETC. (IMPRINT)
Place of publication, distribution, etc New Delhi
Name of publisher, distributor, etc Galgotia Publications
Date of publication, distribution, etc 2008
270 ## - ADDRESS
Address 5, Ansari Road, Darya Ganj
City New Delhi
State or province Delhi
Postal code 110002
300 ## - PHYSICAL DESCRIPTION
Extent vi, 572p.
Dimensions 24 cm. (Pbk)
500 ## - GENERAL NOTE
General note Includes index
700 ## - ADDED ENTRY--PERSONAL NAME
Personal name Karna, Vibha
942 ## - ADDED ENTRY ELEMENTS (KOHA)
Institution code [OBSOLETE] dpl
Koha item type English Books
Call number prefix 000 / KAR
Source of classification or shelving scheme Dewey Decimal Classification
Holdings
Withdrawn status Lost status Source of classification or shelving scheme Damaged status Not for loan Collection code Home library Current library Source of acquisition Cost, normal purchase price Total Checkouts Full call number Barcode Date last seen Copy number Uniform Resource Identifier Cost, replacement price Price effective from Koha item type
    Dewey Decimal Classification   Not For Loan Non-fiction D.B.Act.Division D.B.Act.Division DBAD/PUB 269.00   000 KAR EN-73518 15/09/2008 1 12866 269.00 15/09/2008 English Books

© Delhi Public Library
Hit Counter
free hit counter